Industry 4.0 vývoj a možnosti aplikácie v Slovenskej republike diplomová práca

Enregistré dans:
Détails bibliographiques
Auteur principal: Forgáč, Enrico
Collectivité auteur: Podnikovohospodárska fakulta EU so sídlom v Košiciach. Katedra ekonómie
Autres auteurs: Lacko, Roman, 1988-
Format: Livre
Langue:slovaque
Publié: Košice 2017
Tags: Ajouter un tag
Pas de tags, Soyez le premier à ajouter un tag!

MARC

LEADER 00000nbm a2200000 4500
001 0231729
005 20240827092413.0
041 0 |a slo 
044 |a SK 
245 1 0 |a Industry 4.0 vývoj a možnosti aplikácie v Slovenskej republike  |b diplomová práca  |c Enrico Forgáč ; školiteľ: Roman Lacko 
264 1 |a Košice  |c 2017 
300 |a 73 s. 
100 1 |a Forgáč, Enrico 
700 1 |a Lacko, Roman, 1988- 
710 2 |a Podnikovohospodárska fakulta EU so sídlom v Košiciach. Katedra ekonómie